Retratos del Arte: fotografías

Enregistré dans:
Détails bibliographiques
Auteur principal: Sayago Ordenes, Miguel (Auteur)
Format: Livre
Langue:espagnol
anglais
Publié: Santiago Ograma 2016
Édition:1a. ed
Sujets:
Tags: Ajouter un tag
Pas de tags, Soyez le premier à ajouter un tag!

MARC

LEADER 00000cam a2200000 a 4500
001 UCC3969
003 CL-VaPUC
008 180629e20160000cl |||||||||||||||||spa|d
020 |a 9789563623547 
041 0 7 |a spa  |2 CL-VaPUC 
041 0 7 |a eng  |2 CL-VaPUC 
082 0 4 |a 779.83  |b SAY  |2 21 
100 0 |a Sayago Ordenes, Miguel  |e author  |9 598102 
245 1 0 |a Retratos del Arte: fotografías 
246 1 0 |a Portraits of Art: photographs 
250 |a 1a. ed 
300 |a 241 p 
942 |c BK 
945 |d 20180629 12:42:00  |a dcastane 
260 |a Santiago  |b Ograma  |c 2016 
650 0 |a Fotografías artísticas  |9 535989 
650 0 |a Retratos  |9 313437 
583 |a last modification  |c 20180629 12:42:00  |k Rodrigo Vera 
999 |c 371602  |d 371600 
952 |0 0  |1 0  |3 erd  |4 0  |6 779_830000000000000_SAY_2016  |7 0  |8 R  |9 488632  |a BIBART  |b BIBART  |i 547793K  |l 2  |o 779.83 SAY 2016  |p 547793K  |r 2025-03-13  |s 2022-09-28  |w 2019-11-24  |y BK_R  |z Catalogado en:20180629  |k ART